000 00428nam a2200133Ia 4500
008 100328s9999 xx 000 0 und d
082 _b60556
100 _aठाकूर योगेंद्र-अनु.
245 _aएक विचार ागागता.
260 _bआमोद.
630 _aएक विचार ागागता.
730 _aएक विचार ागागता.
942 _cBOOK
999 _c546698
_d546695